00353pab a2200133 454500008004000000100002500040245005000065260000900115300001300124362001100137650002000148700001700168773003400185180718b2007 xxu||||| |||| 00| 0 eng d aMartinez-Alier, Joan aOil and climate change: voices from the south c2007 ap.16-19. a15 Dec aClimatic change aTemper, Leah aEconomic and Political Weekly